槟榔屿旧闻 (Record no. 66810)

000 -LEADER
fixed length control field 00588nam a22002057a 4500
003 - CONTROL NUMBER IDENTIFIER
control field MPLRDC
005 - DATE AND TIME OF LATEST TRANSACTION
control field 20220104200655.0
008 - FIXED-LENGTH DATA ELEMENTS--GENERAL INFORMATION
fixed length control field 210129b ||||| |||| 00| 0 eng d
020 ## - INTERNATIONAL STANDARD BOOK NUMBER
International Standard Book Number 978-697-14035-0-1
082 ## - DEWEY DECIMAL CLASSIFICATION NUMBER
Classification number 738.6717 ZSK-2
100 ## - MAIN ENTRY--PERSONAL NAME
Personal name 张少宽
245 ## - TITLE STATEMENT
Title 槟榔屿旧闻
Statement of responsibility, etc.
250 ## - EDITION STATEMENT
Edition statement 初版
260 ## - PUBLICATION, DISTRIBUTION, ETC.
Place of publication, distribution, etc. 马来西亚
Name of publisher, distributor, etc. FEDERATION OF KA YIN CHU ASSOCIATION OF MALAYSIA
Date of publication, distribution, etc. 2016
300 ## - PHYSICAL DESCRIPTION
Other physical details
490 ## - SERIES STATEMENT
Series statement 马来西亚嘉应属会联合会丛书: 1
520 ## - SUMMARY, ETC.
Summary, etc. 上架 2016-12-16。
650 ## - SUBJECT ADDED ENTRY--TOPICAL TERM
Topical term or geographic name entry element 马来西亚史地--槟榔屿
942 ## - ADDED ENTRY ELEMENTS (KOHA)
Koha item type Book
-- 738.6717 ZSK-2
Holdings
Withdrawn status Lost status Source of classification or shelving scheme Damaged status Not for loan Collection code Home library Current library Shelving location Date acquired Cost, normal purchase price Total Checkouts Total Renewals Full call number Barcode Date last seen Date last checked out Price effective from Koha item type Public note
            Malaysian Public Library, Research and Development Centre Malaysian Public Library, Research and Development Centre   09/11/2016 30.00   2 738.6717 ZSK-2 00060231 18/03/2021 08/10/2017 18/03/2021 Book mplrdc

© 2022. Malaysian Public Library, Research and Development Centre. All Right ReservedE-mailmplrdc@help.edu.my 

Powered by Koha